000 00480nam a2200169Ia 4500
003 GCL
008 140319s9999 xx 000 0 ara d
040 _aGCL /
_cGCL
082 0 4 _a239
_bع م
100 1 _aعبدالحفيظ ابوالسعود
245 1 0 _aمحمد وصحبه /
_cعبدالحفيظ ابوالسعود
300 _a158 ص
490 _aكتاب
_v0
650 0 4 _aالسيرة النبوية
650 0 4 _aالصحابة والتابعون
942 _2ddc
_cBK
999 _c41530
_d41530